000 00635aas a2200181 4500
999 _c50118
_d50118
001 768714001
003 CO-MdFUSB
005 20170913081510.0
008 170913s2001 ag ||||| |||| 00| 0 spa d
022 _a0326-6737
040 _aCO-MdFUSB
_bspa
_cCO-MdFUSB
_dCO-MdFUSB
041 _aspa
100 1 _aAlmada, Samuel E.
_eautor
245 1 0 _aDiálogo interreligioso e intercultural en la educación teológica con pueblos originarios
_b/ Almada, Samuel E.
300 _aVolumen 20 (2001), páginas 235-246
_c: 23 cm.
773 0 _tCuadernos de Teología
_049404
_959701
_gVolumen 20 (2001), páginas 235-246
_qPágina 235
942 _cANA